Brockhaus - Die Enzyklopädie in vierundzwanzig Bänden 8. Band, FRIT-GOTI

Bibliographic Details
Format: Book
Language:German
PhysicalDescription:736 s. 25 cm
Published: Leipzig [etc.] F.A. Brockhaus c1997
ISBN:3765331007
3765331082
Edition:20., überarb. und aktualisierte Aufl.
Subjects:

MARC

LEADER 00000nam a2200000 a 4500
001 vtls001395492
003 SK-MaSNL
005 20260301011835.0
008 251124s1997 DE af rd d 0 ger
020 |a 3765331007 
020 |a 3765331082  |c 4546,00 
035 |a SNK000349850 
040 |a SNK  |b slo  |c SNK  |e AACR2 
044 |a DE 
080 |a 03=30  |2 1981 
080 |a 801.323.1=30  |2 1981 
245 1 |a Brockhaus - Die Enzyklopädie  |b in vierundzwanzig Bänden  |n 8. Band, FRIT-GOTI 
250 |a 20., überarb. und aktualisierte Aufl. 
260 |a Leipzig [etc.]  |b F.A. Brockhaus  |c c1997 
300 |a 736 s.  |c 25 cm 
650 0 7 |a nemčina  |x slovníky výkladové  |2 SNK  |9 288065 
650 0 7 |a slovníky výkladové nemecké  |2 SNK  |9 288066 
650 0 7 |a encyklopédie nemecké  |2 SNK  |9 295901 
919 |a 3-7653-3100-7 
919 |a 3-7653-3108-2 
999 |c 552011  |d 553941 
952 |t snkBRO/8 030  |a SNKUST  |b SNKUST  |y PREZ  |7 0  |p 17A0249476  |o snkIC 128767/8  |i snkZK 1379/2000  |8 4  |g 150.90  |0 0  |1 0  |4 0  |d 2000-09-06  |l 0  |r 2025-03-20 00:00:00  |w 2026-02-23